=LDR 00000nam 2200000 4500 =001 INLIS000000000006971 =005 20130612095038 =008 ***********************************Ind** =035 ##$$0010-061300000006971 =041 ##$$a Ind =082 ##$$a 297.9 =090 ##$$a 297.9, Dun k =100 ##$$a Dunia, H. Gazali =245 ##$$a Kisah para Rasul dan manusia manusia durhaka, Drs. H. Gazali Dunia =260 ##$$a 1975 $b Jakarta =300 ##$$a 64 hlm., 20 cm =650 ##$$a Islam